01020cam a2200313Ii 45000010005000000030008000050050017000130080041000300350017000710350020000880350018001080400032001260410013001580820026001710900016001970990014002131000051002272450065002782500021003432600041003643000021004055040019004266500031004458300018004767400034004949420012005289990015005409520151005559935BD-RjUL20211208234852.0140122s1970 ru 00| 0 eng d aMITb10189853 a(OCoLC)06492180 a(BD-RjUL)9981 aDLCcURBdOCLdBD-RjULbeng1 aenghrus00a 335.409469bLEL 1970 aHX36b.L566 aHX36.L5661 aLenin, Vladimir Il\02B9ich,d1870-1924.93069710a"Left-wing" communism, an infantile disorder /cV. I. Lenin. aNew translation. amosko:bforeign language pressc1970 a132 p. ;c20 cm. aincludes index 0aCommunismxHistory.930698 0vv. 20.9307000 aMarxian strategy and tactics. 2ddccBK c9935d9935 00102ddc40718NFICaRUCLbRUCLcReadingd1977-05-04eW. Heffer and sonsg1.12l0o335.409469 LEL 1970r2014-01-22 00:00:00tC-1w2021-12-08yBK